000 01348nam0a2200325 i 4500
001 RU\NLR\BIBL_A\011714307
005 20241114170643.0
010 _a9785976536890
_bФлинта
010 _a978-5-02-039380-6
_bНаука
_9500
035 _a(RuMoRGB)009552103
035 _a(NLR Aleph) 011714307
090 _a11449588
_c11449588
100 _a20180528d2018 km y0rusy50 ca
101 0 _arus
102 _aRU
105 _ay|||z|||000zy
200 1 _aФиксация и трансляция индивидуальной памяти средствами естественного языка
_eмонография
_fИ.В. Тивьяева
210 _aМосква
_cФлинта
_cНаука
_d2018
215 _a221, [1] с.
_cтабл.
_d21
320 _aБиблиогр.: с. 190-222
606 _aКогнитивная лингвистика
_91523672
_3RU\NLR\AUTH\66662714
606 _aПамять
_xПсихологические исследования
_91082394
_3RU\NLR\AUTH\66423270
610 0 _aвербализация процессов памяти
686 1 _aШ100.4
686 1 _aЮ935.12
700 1 _aТивьяева
_bИ. В.
_cканд. филол. наук
_gИрина Владимировна
_9189921
_3RU\NLR\AUTH\770189972
942 _cBOOK
980 _aNBR